000 00850nam a2200289Ia 4500
001 Z_4387
003 CHAP
008 220113s1978 xx 000 0 und d
010 _a167457
040 _cCHAP
082 _a636.089819 C87
100 _aCurso de Actualización sobre Mastitis Bovina (1: 1978 : México, D.F.)
_9141671
245 _aMemorias /
_cpor UNAM. Facultad de Medicina Veterinaria y Zootecnia
260 _aMéxico, D. F. :
_bUNAM. Facultad de Medicina Veterinaria y Zootecnia,
_c1978
300 _a299 p. : cuad.
440 _a
500 _a
503 _a
650 _aGanado vacuno
_xEnfermedades I. UNAM. Facultad de Medicina Veterinaria y Zootecnia
_9141672
650 _aMastitis
_xCongresos
_972848
901 _a636.089819 C87
902 _aA
910 _a1978
942 _c1
942 _cc1
999 _c167457
_d167457